|
|
|
|
| LEADER |
00723cam a2200241ua 4500 |
| 008 |
060815t2001||||||||||| 001 ||eng c |
| 020 |
|
|
|a 81-208-1100-3
|
| 041 |
0 |
|
|a eng
|
| 082 |
|
|
|a 891.2
|b KEI/H
|
| 245 |
1 |
0 |
|a History of sanskrit literature /
|
| 250 |
|
|
|a 1st.
|
| 260 |
|
|
|a Delhi:
|b Motilal Banarasidass,
|c 2001.
|
| 300 |
|
|
|a 575p..
|
| 362 |
1 |
|
|a 2001.
|
| 365 |
|
|
|a Rs.395/-
|e pb.
|
| 500 |
|
|
|a Includes bibliographies and index.
|
| 504 |
|
|
|a .
|
| 650 |
|
|
|a Sanskrit Literature
|
| 650 |
0 |
|
|a Sanskrit Drama
|
| 700 |
0 |
2 |
|a Keith,, A.Berriedale
|
| 942 |
|
|
|c BK
|
| 999 |
|
|
|c 6180
|d 6180
|
| 952 |
|
|
|0 0
|1 0
|4 0
|6 891_200000000000000_KEI
|7 0
|9 6499
|a KUCL
|b KUCL
|d 2014-05-23
|l 6
|m 2
|o 891.2 KEI/
|p 11364
|r 2020-01-24
|s 2019-12-24
|w 2014-05-23
|y BK
|